| 000 | 004260000a22001690004500 | ||
|---|---|---|---|
| 003 | MACL | ||
| 005 | 20160106143013.0 | ||
| 008 | 160106b xxu||||| |||| 00| 0 eng d | ||
| 040 |
_aMACL _cMACL |
||
| 041 | _aEnglish | ||
| 082 | _a824/CHA | ||
| 100 |
_aCotton, Charles _928079 |
||
| 245 | _aThe Essays of Michel De Montaigne | ||
| 260 |
_bG. Bell & Sons _c1911 _aLondon |
||
| 650 |
_aEssays _928767 |
||
| 942 |
_cBK _k824/CHA _2ddc |
||
| 999 |
_c37594 _d37594 |
||